<?xml version="1.0" encoding="UTF-8"?>
<marc:record xmlns:marc="http://www.loc.gov/MARC21/slim">
   <marc:leader>00000nam a2200000 a 4500</marc:leader>
   <marc:datafield ind1="1" ind2=" " tag="100">
      <marc:subfield code="a">Lindgren, Astrid</marc:subfield>
      <marc:subfield code="4">aut</marc:subfield>
      <marc:subfield code="e">Verfasser/-in</marc:subfield>
   </marc:datafield>
   <marc:datafield ind1="0" ind2="0" tag="245">
      <marc:subfield code="a">Lotta aus der Krachmacherstraße</marc:subfield>
   </marc:datafield>
   <marc:datafield ind1=" " ind2="1" tag="264">
      <marc:subfield code="b">Universum Film</marc:subfield>
      <marc:subfield code="c">2009</marc:subfield>
   </marc:datafield>
   <marc:datafield ind1="1" ind2=" " tag="490">
      <marc:subfield code="a">Kultur SPIEGEL</marc:subfield>
   </marc:datafield>
   <marc:datafield ind1="1" ind2=" " tag="520">
      <marc:subfield code="a">Die kleine Lotta lebt mit ihren Eltern und ihren älteren Geschwistern Mia und Jonas in einem kleinen gelben Haus in der Krachmacherstraße. Dauernd ärgert sie sich, weil sie nicht alles darf, was die älteren Kinder machen, obwohl sie doch schon so groß ist. Dann besucht sie Tante Berg, die nebenan wohnt. Beim Sommerurlaub auf dem Land bei den Großetern gibt es viel zu entdecken. Doch auch hier darf sie vieles nicht machen weil sie noch zu klein ist. Als die Großeltern erklären, das sowohl der Ist als auch der Regen dabei helfen, das ales wächst, stellt sie sich bei strömendem Regen tapfer auf den Misthaufen, um endlich größer zu werden. FSK ab 0 J.</marc:subfield>
   </marc:datafield>
   <marc:datafield ind1="0" ind2=" " tag="490">
      <marc:subfield code="v">0</marc:subfield>
   </marc:datafield>
   <marc:datafield ind1=" " ind2=" " tag="300">
      <marc:subfield code="a">1 DVD; ca. 72 Min</marc:subfield>
   </marc:datafield>
</marc:record>
